000 00554nam a22002177a 4500
005 20260420110739.0
008 260420b |||||||| |||| 00| 0 eng d
020 _a9789358495416
_c450
040 _aMAIN
041 _aeng
082 _a370
_bDEK
100 _aDeka, N.
_qDr. Nabanita
245 _aFoundations of Education - II
250 _a1st Ed.
260 _aDibrugarh
_bPradyut Hazarika
_c2023
300 _a520 p. ;
_c14 x 22 cm
505 _aNEP 2nd Semester Major
650 _aEducation
700 _bAli, Lokman
942 _2ddc
_cBK
999 _c16392
_d16392